YEDİLERİN GİZEMİ •E5 ¨294 (Record no. 1191675)

MARC details
000 -LEADER
sabit uzunluktaki kontrol alanı 00262nam a2200097Ia 4500
001 - KONTROL NUMARASI
kontrol alanı 1191675
005 - EN SON İŞLEMİN TARİH VE ZAMANI
kontrol alanı 20250827021639.0
008 - SABİT-UZUNLUKTA VERİ ÖĞELERİ--GENEL BİLGİ
sabit uzunluktaki kontrol alanı 250824s9999 xx 000 0 und d
245 #0 - ESER / YAZAR
ESER ADI YEDİLERİN GİZEMİ •E5 ¨294
Yazar Adı AGATHA CHRISTIE
260 ## - YAYIN, DAĞITIM, VB.
YAYIN EVİ ALTIN YAYINLARI
Holdings
Düşüm durumu Kayıp durumu Hasar Durumu Ödünç verilmez Ana kütüphane Geçerli Kütüphane Edinilen tarih Toplam ödünç verme sayısı Barkod Son görüntüleme tarihi Son ödünç verme tarihi Fiyatın geçerli olmaya başladığı tarih Koha materyal türü
        CUMHURİYET MAHALLESİ AHMET HAŞHAŞ ORTAOKULU CUMHURİYET MAHALLESİ AHMET HAŞHAŞ ORTAOKULU 24.08.2025 1 1083212 13.02.2026 27.10.2025 27.08.2025 Books